Geography Quiz

Random Geography or City Quiz

US State Capitals: Population Challenged Quiz Stats

 Plays Quiz Updated Nov 9, 2017

Challenge
Share
Tweet
Embed
Score 0/14 Timer 04:00
0 Plays Today
State Capital % Correct
Sacramento, California
88.3%
Albany, New York
86.7%
Tallahassee, Florida
82.2%
Olympia, Washington
76.1%
Springfield, Illinois
75%
Harrisburg, Pennsylvania
72.1%
Carson City, Nevada
71.9%
State Capital % Correct
Jefferson City, Missouri
67.3%
Pierre, South Dakota
66.4%
Augusta, Maine
65.9%
Helena, Montana
65.7%
Frankfort, Kentucky
62.8%
Montpelier, Vermont
60.8%
Annapolis, Maryland
60.1%

You're not logged in!

Compare scores with friends on all Sporcle quizzes.
Join for Free
OR
Log In

You Might Also Like...

Show Comments

Extras

Top Quizzes Today


Score Distribution

Your Account Isn't Verified!

In order to create a playlist on Sporcle, you need to verify the email address you used during registration. Go to your Sporcle Settings to finish the process.

Report this User

Report this user for behavior that violates our Community Guidelines.

Details: